| 000 | 00921nam a2200265 a 4500 | ||
|---|---|---|---|
| 003 | DO-SdBNP | ||
| 005 | 20220324104642.0 | ||
| 007 | ta | ||
| 008 | 220207e2019 dr ||||er|||| 001 pdspa d | ||
| 020 | _a9789945804881 | ||
| 040 |
_aDO-SdBNP _bspa _cBNPHU |
||
| 082 | 4 |
_aRD863.44 _bR466c _222 |
|
| 100 | 1 |
_978049 _aReynoso, Antonio, _d1952- |
|
| 245 | 1 | 0 |
_aContigo mariposa / _cAntonio Reynoso ; Prólogo Marcos Zabala Sánchez. |
| 260 |
_aSanto Domingo : _bBúho, _c2019. |
||
| 300 |
_a88 p. ; _c21 cm. |
||
| 500 | _aIncluye datos biográficos del autor en la solapa de la cubierta. | ||
| 590 | _aInventariado 2022 / MF | ||
| 650 | 4 |
_963346 _aPoesía Dominicana _xLiteratura Dominicana |
|
| 650 | 4 |
_924784 _aAmor _xPoesía |
|
| 650 | 4 |
_980898 _aArte de escribir poesía _xPoesía _zRepúlica Dominicana |
|
| 700 | 1 |
_aZabala Sánchez , Marcos, _epról. _981170 |
|
| 910 | _aMFeliz/ Validado, 2022/MFF | ||
| 942 |
_2ddc _cLBS1 |
||
| 999 |
_c51365 _d51365 |
||